[Event "Moscow Dokhoian Memorial Blitz"]
[Site "Moscow"]
[Date "2023.12.09"]
[Round "5"]
[White "Borisova, Ekaterina"]
[Black "Lysenko, Margarita"]
[Result "0-1"]
[WhiteElo "2168"]
[BlackElo "2264"]
[PlyCount "64"]
[EventDate "2023.12.09"]
[EventType "tourn (blitz)"]
[EventRounds "11"]
[EventCountry "RUS"]
[EventCategory "5"]
[SourceTitle "CB50_2023"]
[SourceDate "2023.12.13"]
[SourceVersion "1"]
[SourceVersionDate "2023.12.13"]
[SourceQuality "1"]

1. Nf3 d5 2. g3 Nf6 3. c4 d4 4. e3 c5 5. exd4 cxd4 6. d3 Nc6 7. Bg2 e6 8. 0-0 h6 9. Na3 Bc5 10. Nc2 a5 11. Re1 0-0 12. a3 a4 13. Rb1 Nd7 14. Bf4 Re8 15. b4 axb3 16. Rxb3 e5 17. Bc1 Nf6 18. Nd2 Bg4 19. Bf3 Bxf3 20. Qxf3 Qd7 21. Nb4 Bxb4 22. axb4 Ra1 23. Ne4 Nxe4 24. Qxe4 f5 25. Qg2 Kh7 26. b5 Nd8 27. f3 Nf7 28. Bd2 Rea8 29. Rbb1 Rxb1 30. Rxb1 Ra2 31. Qe2 Ng5 32. h4 Rxd2 0-1

[Event "Moscow Dokhoian Memorial Blitz"]
[Site "Moscow"]
[Date "2023.12.09"]
[Round "2"]
[White "Lysenko, Margarita"]
[Black "Shuvalova, Polina"]
[Result "0-1"]
[WhiteElo "2264"]
[BlackElo "2475"]
[PlyCount "89"]
[EventDate "2023.12.09"]
[EventType "tourn (blitz)"]
[EventRounds "11"]
[EventCountry "RUS"]
[EventCategory "5"]
[SourceTitle "CB50_2023"]
[SourceDate "2023.12.13"]
[SourceVersion "1"]
[SourceVersionDate "2023.12.13"]
[SourceQuality "1"]

1. d4 Nf6 2. c4 e6 3. Bf4 h6 4. Nc3 d5 5. e3 Nbd7 6. Rc1 c6 7. Nf3 Be7 8. h3 0-0 9. Bd3 a6 10. cxd5 exd5 11. 0-0 Re8 12. Qc2 Nf8 13. Rfe1 Bd6 14. Bxd6 Qxd6 15. Na4 Be6 16. Nc5 Qe7 17. b4 Rad8 18. a4 Bc8 19. Qb3 Ne4 20. Bxe4 dxe4 21. Ne5 Be6 22. Qb2 f6 23. Nxe6 Nxe6 24. Nc4 Ng5 25. Na5 Rd5 26. Rc5 Red8 27. Rec1 Kh7 28. Nc4 Qf7 29. h4 Ne6 30. Rxd5 Rxd5 31. Nd2 f5 32. Nc4 Qf6 33. g3 g5 34. hxg5 hxg5 35. Ne5 Kg7 36. Qc2 Rd8 37. b5 axb5 38. axb5 c5 39. Qc4 cxd4 40. exd4 Rxd4 41. Qc8 Qxe5 42. Qe8 e3 43. Qe7+ Kg6 44. Qe8+ Kh6 45. Qe7 0-1

[Event "Khanty-Mansiysk TOP 28 Blitz GP (Women)"]
[Site "Khanty-Mansiysk"]
[Date "2023.12.04"]
[Round "3"]
[White "Chkhan, Viktoria"]
[Black "Lysenko, Margarita"]
[Result "0-1"]
[WhiteElo "2083"]
[BlackElo "2264"]
[PlyCount "70"]
[EventDate "2023.12.04"]
[EventType "tourn (blitz)"]
[EventRounds "13"]
[EventCountry "RUS"]
[SourceTitle "CB49_2023"]
[SourceDate "2023.12.06"]
[SourceVersion "1"]
[SourceVersionDate "2023.12.06"]
[SourceQuality "1"]

1. d4 d5 2. c4 e6 3. Nf3 Nf6 4. g3 dxc4 5. Bg2 Bb4+ 6. Bd2 c5 7. 0-0 0-0 8. Qc2 Bxd2 9. Nbxd2 cxd4 10. Nxc4 d3 11. exd3 Nc6 12. Rfd1 Rb8 13. d4 b6 14. Nce5 Ne7 15. Rac1 Bb7 16. Qa4 a6 17. Qb3 Bd5 18. Qa3 a5 19. b3 h6 20. Qb2 Rc8 21. Nc4 b5 22. Nce5 Qb6 23. h4 Qb7 24. Qe2 Nf5 25. Bf1 b4 26. Rc5 Rxc5 27. dxc5 Rc8 28. Rc1 Ne4 29. c6 Qa8 30. Qb5 Nc3 31. Qb7 Bxc6 32. Qxa8 Bxa8 33. a4 Ne2+ 34. Bxe2 Rxc1+ 35. Kg2 Nd4 0-1

[Event "Khanty-Mansiysk TOP 28 Blitz GP (Women)"]
[Site "Khanty-Mansiysk"]
[Date "2023.12.04"]
[Round "8"]
[White "Lysenko, Margarita"]
[Black "Borisova, Ekaterina"]
[Result "1/2-1/2"]
[WhiteElo "2264"]
[BlackElo "2168"]
[PlyCount "37"]
[EventDate "2023.12.04"]
[EventType "tourn (blitz)"]
[EventRounds "13"]
[EventCountry "RUS"]
[SourceTitle "CB49_2023"]
[SourceDate "2023.12.06"]
[SourceVersion "1"]
[SourceVersionDate "2023.12.06"]
[SourceQuality "1"]

1. d4 g6 2. c4 Bg7 3. e4 Nc6 4. Nf3 e5 5. dxe5 Nxe5 6. Nxe5 Bxe5 7. Be2 d6 8. Nd2 Ne7 9. 0-0 0-0 10. Nf3 Bg7 11. Qc2 Nc6 12. Bg5 Qe8 13. Rfe1 b6 14. a3 Bb7 15. Bd3 Ne5 16. Nxe5 Qxe5 17. Bc1 a5 18. Rb1 a4 19. Bd2 1/2-1/2

[Event "Khanty-Mansiysk TOP 28 Blitz GP (Women)"]
[Site "Khanty-Mansiysk"]
[Date "2023.12.04"]
[Round "6"]
[White "Lysenko, Margarita"]
[Black "Chervyakova, Tatiana"]
[Result "1/2-1/2"]
[WhiteElo "2264"]
[BlackElo "1742"]
[PlyCount "67"]
[EventDate "2023.12.04"]
[EventType "tourn (blitz)"]
[EventRounds "13"]
[EventCountry "RUS"]
[SourceTitle "CB49_2023"]
[SourceDate "2023.12.06"]
[SourceVersion "1"]
[SourceVersionDate "2023.12.06"]
[SourceQuality "1"]

1. d4 Nf6 2. c4 e6 3. Nf3 c5 4. e3 Be7 5. Nc3 0-0 6. d5 d6 7. Be2 Na6 8. e4 Nc7 9. 0-0 exd5 10. exd5 Bf5 11. Bd3 Bg6 12. a4 a6 13. a5 Rb8 14. Bxg6 hxg6 15. Re1 Re8 16. h3 Bf8 17. Bg5 Rxe1+ 18. Qxe1 Qe8 19. Qf1 Qd7 20. Qd3 Re8 21. Re1 Nh7 22. Bf4 Rxe1+ 23. Nxe1 Ne8 24. Nf3 Qd8 25. Qe3 Nef6 26. Ne4 Nxe4 27. Qxe4 Nf6 28. Qe1 Qd7 29. Bg3 Qa4 30. Qc3 Ne4 31. Qd3 Nf6 32. Qc3 Ne4 33. Qd3 Nxg3 34. fxg3 1/2-1/2

[Event "Khanty-Mansiysk TOP 28 Blitz GP (Women)"]
[Site "Khanty-Mansiysk"]
[Date "2023.12.04"]
[Round "9"]
[White "Voit, Daria"]
[Black "Lysenko, Margarita"]
[Result "0-1"]
[WhiteElo "2343"]
[BlackElo "2264"]
[PlyCount "116"]
[EventDate "2023.12.04"]
[EventType "tourn (blitz)"]
[EventRounds "13"]
[EventCountry "RUS"]
[SourceTitle "CB49_2023"]
[SourceDate "2023.12.06"]
[SourceVersion "1"]
[SourceVersionDate "2023.12.06"]
[SourceQuality "1"]

1. d4 d5 2. c4 e6 3. Nf3 Nf6 4. g3 dxc4 5. Bg2 Bb4+ 6. Bd2 c5 7. Bxb4 cxb4 8. Ne5 0-0 9. e3 Nc6 10. Nxc4 e5 11. dxe5 Qxd1+ 12. Kxd1 Ng4 13. Ke2 Ngxe5 14. Nbd2 Bg4+ 15. f3 Be6 16. Rac1 Rfd8 17. Nxe5 Nxe5 18. b3 a5 19. h3 a4 20. f4 Nc6 21. Bxc6 bxc6 22. Rc2 f5 23. Rhc1 Bd5 24. Nc4 Be4 25. Rd2 axb3 26. axb3 Rxd2+ 27. Nxd2 Ra2 28. Rc4 Bd5 29. Rxb4 h6 30. g4 g6 31. gxf5 gxf5 32. h4 Ra1 33. e4 fxe4 34. Nxe4 Kf7 35. Nc3 Rh1 36. Nxd5 cxd5 37. Rd4 Rxh4 38. b4 Rh3 39. b5 Rb3 40. Rxd5 Ke6 41. Rh5 Rb4 42. Rxh6+ Kf5 43. b6 Rb3 44. Kd2 Kxf4 45. Kc2 Rb5 46. Kc3 Rb1 47. Kc4 Ke5 48. Kc5 Rc1+ 49. Kb5 Kd5 50. Ka6 Ra1+ 51. Kb7 Rb1 52. Kc7 Rc1+ 53. Kb8 Rb1 54. b7 Rb2 55. Kc7 Rc2+ 56. Kd7 Rb2 57. Rd6+ Ke5 58. Re6+ Kd5 0-1

[Event "Khanty-Mansiysk TOP 28 Rapid GP (Women)"]
[Site "Khanty-Mansiysk"]
[Date "2023.12.02"]
[Round "6"]
[White "Lysenko, Margarita"]
[Black "Yurasova, Daria"]
[Result "0-1"]
[WhiteElo "2264"]
[BlackElo "2023"]
[PlyCount "65"]
[EventDate "2023.12.01"]
[EventType "tourn (rapid)"]
[EventRounds "13"]
[EventCountry "RUS"]
[SourceTitle "CB49_2023"]
[SourceDate "2023.12.06"]
[SourceVersion "1"]
[SourceVersionDate "2023.12.06"]
[SourceQuality "1"]

1. d4 d5 2. c4 dxc4 3. Nf3 Nc6 4. e3 e5 5. Bxc4 e4 6. Nfd2 Qg5 7. Kf1 Nf6 8. Nc3 Bf5 9. Bb5 Bd6 10. Nc4 0-0 11. h3 Bb4 12. Bxc6 bxc6 13. Ne5 c5 14. g4 Bxc3 15. bxc3 Be6 16. h4 Qh6 17. Ba3 g5 18. Bxc5 Rfe8 19. h5 Nd7 20. Nxd7 Bxd7 21. Rh3 Rab8 22. Rg3 Qf6 23. Kg1 Rb2 24. Rg2 Qa6 25. d5 Qd3 26. Bd4 Reb8 27. Kh2 Rd2 28. Qc1 Rdb2 29. c4 Rb1 30. Rxb1 Rxb1 31. Qc3 Qf1 32. Kg3 Qh1 33. Rh2 0-1

[Event "Khanty-Mansiysk Governor Cup Rapid"]
[Site "Khanty-Mansiysk"]
[Date "2023.11.27"]
[Round "7"]
[White "Lysenko, Margarita"]
[Black "Naumova, Ksenia"]
[Result "1-0"]
[WhiteElo "2264"]
[BlackElo "1792"]
[PlyCount "33"]
[EventDate "2023.11.26"]
[EventType "swiss (rapid)"]
[EventRounds "11"]
[EventCountry "RUS"]
[SourceTitle "CB49_2023"]
[SourceDate "2023.12.06"]
[SourceVersion "1"]
[SourceVersionDate "2023.12.06"]
[SourceQuality "1"]

1. d4 c5 2. d5 Nf6 3. Nc3 e6 4. e4 exd5 5. exd5 d6 6. Nf3 Bg4 7. h3 Bxf3 8. Qxf3 g6 9. Bb5+ Nbd7 10. 0-0 Bg7 11. Re1+ Kf8 12. Bf4 Qc7 13. Qg3 Ne8 14. Rxe8+ Kxe8 15. Bxd6 Qb6 16. Qe3+ Kd8 17. Qe7+ 1-0

[Event "Cheliabinsk Shusharin Memorial Rapid"]
[Site "Cheliabinsk"]
[Date "2023.11.15"]
[Round "2"]
[White "Ponkratov, Pavel"]
[Black "Lysenko, Margarita"]
[Result "1-0"]
[WhiteElo "2608"]
[BlackElo "2264"]
[PlyCount "95"]
[EventDate "2023.11.15"]
[EventType "swiss (rapid)"]
[EventRounds "11"]
[EventCountry "RUS"]
[SourceTitle "CB47_2023"]
[SourceDate "2023.11.22"]
[SourceVersion "1"]
[SourceVersionDate "2023.11.22"]
[SourceQuality "1"]

1. e4 c5 2. Nf3 d6 3. d4 cxd4 4. Nxd4 Nf6 5. Nc3 a6 6. a4 e5 7. Nf3 Be7 8. Bg5 Be6 9. Bxf6 Bxf6 10. Nd5 Nd7 11. Bc4 0-0 12. a5 Rc8 13. Qe2 Be7 14. 0-0 Nf6 15. Rfd1 Nxd5 16. Bxd5 Bxd5 17. Rxd5 Qc7 18. c3 g6 19. Ra4 f5 20. Nd2 Rf7 21. Rc4 Qd7 22. exf5 Qxf5 23. Rxc8+ Qxc8 24. Ne4 Qc6 25. Qd3 Qa4 26. b4 Qa2 27. g3 Kg7 28. Kg2 Bf8 29. h4 h6 30. c4 Qb2 31. b5 Qa2 32. b6 Qb2 33. c5 dxc5 34. Rd7 Qa2 35. Rc7 Qe6 36. Qd8 c4 37. Rxf7+ Qxf7 38. Qc7 Bb4 39. Qxe5+ Kf8 40. Qh8+ Ke7 41. Qxh6 c3 42. Nxc3 Qc4 43. Qg5+ Kd6 44. Qxg6+ Kd7 45. Qf5+ Kd8 46. Ne4 Be7 47. h5 Qd4 48. h6 1-0

[Event "RUS-ch Rapid (Women)"]
[Site "Sochi"]
[Date "2023.10.15"]
[Round "4"]
[White "Dudkina, Uliana"]
[Black "Lysenko, Margarita"]
[Result "0-1"]
[WhiteElo "1916"]
[BlackElo "2264"]
[PlyCount "62"]
[EventDate "2023.10.15"]
[EventType "swiss (rapid)"]
[EventRounds "11"]
[EventCountry "RUS"]
[SourceTitle "Mega2024 Update 01"]
[Source "Chessbase"]
[SourceDate "2023.11.12"]
[SourceVersion "1"]
[SourceVersionDate "2023.11.12"]
[SourceQuality "1"]

1. d4 d5 2. c4 e6 3. Nc3 c5 4. cxd5 exd5 5. Nf3 Nc6 6. g3 Nf6 7. Bg2 cxd4 8. Nxd4 Bc5 9. Nb3 Bb6 10. 0-0 d4 11. Na4 0-0 12. Bg5 Re8 13. Rc1 h6 14. Bxf6 Qxf6 15. Nbc5 Bg4 16. Ne4 Qg6 17. h3 Bxh3 18. Bxh3 Qxe4 19. Re1 Rad8 20. Nxb6 axb6 21. Qb3 h5 22. Bg2 Qg6 23. Qxb6 h4 24. Bxc6 bxc6 25. Qxc6 Re6 26. Qg2 hxg3 27. fxg3 Re3 28. Kh2 Rde8 29. Rcd1 Qh5+ 30. Kg1 Qe5 31. Kh2 Re6 0-1

[Event "RUS-ch Blitz (Women)"]
[Site "Sochi"]
[Date "2023.10.14"]
[Round "10"]
[White "Kovanova, Baira"]
[Black "Lysenko, Margarita"]
[Result "0-1"]
[WhiteElo "2306"]
[BlackElo "2264"]
[PlyCount "238"]
[EventDate "2023.10.14"]
[EventType "swiss (blitz)"]
[EventRounds "13"]
[EventCountry "RUS"]
[SourceTitle "Mega2024 Update 01"]
[Source "Chessbase"]
[SourceDate "2023.11.12"]
[SourceVersion "1"]
[SourceVersionDate "2023.11.12"]
[SourceQuality "1"]

1. e4 c5 2. Nf3 d6 3. d4 cxd4 4. Nxd4 Nf6 5. Nc3 a6 6. Be2 e5 7. Nb3 Be7 8. 0-0 0-0 9. Be3 Be6 10. Qd2 Nbd7 11. a4 Nb6 12. a5 Nc4 13. Bxc4 Bxc4 14. Rfd1 Rc8 15. Nc1 Qc7 16. Bb6 Qc6 17. f3 Nd7 18. Be3 f5 19. exf5 Rxf5 20. N1a2 Bxa2 21. Rxa2 Nf6 22. Qd3 g6 23. Raa1 Qc4 24. Qd2 Qc6 25. Rac1 e4 26. f4 Rxa5 27. Ne2 Rd5 28. Nd4 Qd7 29. c4 Rh5 30. Qc2 Qg4 31. h3 Qg3 32. Qf2 Qxf2+ 33. Kxf2 Ra5 34. Rd2 Ra2 35. Ne6 Kf7 36. Nd4 b5 37. Rdc2 bxc4 38. Rxc4 Rxb2+ 39. Kg3 Nh5+ 40. Kh2 Rxc4 41. Rxc4 Nf6 42. Rc7 Nd5 43. Ra7 Nxe3 44. Nc6 Nxg2 45. Rxe7+ Kf6 46. Rd7 Nxf4+ 47. Kg3 Nh5+ 48. Kg4 Ke6 49. Ra7 Kd5 50. Ne7+ Ke6 51. Nc6 Nf6+ 52. Kf4 Rf2+ 53. Ke3 Rf3+ 54. Kd4 Rd3+ 55. Kc4 d5+ 56. Kc5 Nd7+ 57. Kb4 Rxh3 58. Rxa6 Kf7 59. Ra7 Ke6 60. Ra6 Ne5 61. Nd4+ Kf7 62. Kc5 Rd3 63. Kxd5 Nf3 64. Kxe4 Rxd4+ 65. Kxf3 Rd7 66. Kg4 Kg7 67. Ra4 h5+ 68. Kg5 Rd5+ 69. Kh4 Kh6 70. Ra6 Rd4+ 71. Kg3 Rg4+ 72. Kh3 Rg5 73. Kh4 Rf5 74. Rb6 Rf4+ 75. Kg3 Re4 76. Kh3 Kg5 77. Rb5+ Kf6 78. Rb6+ Re6 79. Rb5 g5 80. Kg3 Re3+ 81. Kf2 Re5 82. Rb8 Kf5 83. Kg3 h4+ 84. Kh3 Re3+ 85. Kh2 Kf4 86. Rb4+ Re4 87. Rb8 g4 88. Rf8+ Ke3 89. Rf7 Rf4 90. Re7+ Kf3 91. Ra7 g3+ 92. Kh3 Re4 93. Rf7+ Rf4 94. Ra7 Re4 95. Rf7+ Ke3 96. Ra7 Kf2 97. Rf7+ Ke2 98. Ra7 Ke3 99. Ra3+ Kf4 100. Ra7 Re2 101. Ra4+ Kf3 102. Ra3+ Kf2 103. Ra8 g2 104. Rf8+ Ke1 105. Kh2 h3 106. Ra8 Re3 107. Ra1+ Ke2 108. Ra2+ Kf3 109. Rf2+ Kg4 110. Rf8 Re1 111. Rg8+ Kf3 112. Rf8+ Ke2 113. Re8+ Kd2 114. Rd8+ Kc3 115. Rc8+ Kd4 116. Rd8+ Kc5 117. Rc8+ Kd6 118. Rd8+ Kc7 119. Rg8 Rh1+ 0-1

[Event "RUS-ch Blitz (Women)"]
[Site "Sochi"]
[Date "2023.10.14"]
[Round "3"]
[White "Lysenko, Margarita"]
[Black "Tazetdinova, Adelya"]
[Result "1-0"]
[WhiteElo "2264"]
[BlackElo "1522"]
[PlyCount "56"]
[EventDate "2023.10.14"]
[EventType "swiss (blitz)"]
[EventRounds "13"]
[EventCountry "RUS"]
[SourceTitle "Mega2024 Update 01"]
[Source "Chessbase"]
[SourceDate "2023.11.12"]
[SourceVersion "1"]
[SourceVersionDate "2023.11.12"]
[SourceQuality "1"]

1. d4 Nf6 2. c4 g6 3. Nf3 Bg7 4. g3 0-0 5. Bg2 d6 6. 0-0 c6 7. Nc3 Nbd7 8. e4 Qc7 9. h3 e5 10. Re1 exd4 11. Nxd4 Ne5 12. b3 Re8 13. Be3 Ned7 14. Qc2 Nc5 15. Rad1 h5 16. f4 h4 17. g4 Nxg4 18. hxg4 Bxg4 19. Rd2 h3 20. Bh1 Bf6 21. Bf2 Ne6 22. Nxe6 Rxe6 23. Nd1 Rae8 24. Ne3 Bh5 25. Kh2 Kh8 26. Bg3 g5 27. Nf5 gxf4 28. Bxf4 Be5 1-0

[Event "RUS-ch Blitz (Women)"]
[Site "Sochi"]
[Date "2023.10.14"]
[Round "13"]
[White "Obolentseva, Alexandra"]
[Black "Lysenko, Margarita"]
[Result "1/2-1/2"]
[WhiteElo "2323"]
[BlackElo "2264"]
[PlyCount "44"]
[EventDate "2023.10.14"]
[EventType "swiss (blitz)"]
[EventRounds "13"]
[EventCountry "RUS"]
[SourceTitle "Mega2024 Update 01"]
[Source "Chessbase"]
[SourceDate "2023.11.12"]
[SourceVersion "1"]
[SourceVersionDate "2023.11.12"]
[SourceQuality "1"]

1. d4 d5 2. c4 e6 3. Nc3 c5 4. Nf3 Nc6 5. g3 Nf6 6. Bg2 cxd4 7. Nxd4 Bc5 8. Nxc6 bxc6 9. 0-0 0-0 10. cxd5 exd5 11. Bg5 Re8 12. Rc1 Bb6 13. e3 h6 14. Bxf6 Qxf6 15. Na4 Bf5 16. Qb3 Rab8 17. Qc3 d4 18. exd4 Bxd4 19. Qxc6 Bxb2 20. Nxb2 Qxb2 21. Qa4 Be6 22. Qxa7 Qxa2 1/2-1/2

[Event "RUS-ch Blitz (Women)"]
[Site "Sochi"]
[Date "2023.10.14"]
[Round "4"]
[White "Styazhkina, Anna"]
[Black "Lysenko, Margarita"]
[Result "0-1"]
[WhiteElo "2194"]
[BlackElo "2264"]
[PlyCount "81"]
[EventDate "2023.10.14"]
[EventType "swiss (blitz)"]
[EventRounds "13"]
[EventCountry "RUS"]
[SourceTitle "Mega2024 Update 01"]
[Source "Chessbase"]
[SourceDate "2023.11.12"]
[SourceVersion "1"]
[SourceVersionDate "2023.11.12"]
[SourceQuality "1"]

1. e4 c5 2. Nf3 d6 3. d4 cxd4 4. Qxd4 Nc6 5. Bb5 Bd7 6. Qd3 g6 7. c4 Bg7 8. Nc3 Nf6 9. 0-0 0-0 10. h3 a6 11. Bxc6 Bxc6 12. Be3 Rc8 13. Rac1 b5 14. cxb5 axb5 15. Nd4 b4 16. Nxc6 Rxc6 17. Nb5 Rxc1 18. Rxc1 Qa5 19. Nd4 Qxa2 20. Nc6 Re8 21. b3 Qa8 22. f3 Bf8 23. Nxb4 Rb8 24. Nc6 Rc8 25. Qc4 Rc7 26. b4 Qa3 27. Bf2 e6 28. b5 d5 29. exd5 Nxd5 30. Rc2 Qa1+ 31. Rc1 Qa3 32. Rd1 Rb7 33. Nd4 Qa5 34. Rb1 Qb6 35. Nc2 Qd6 36. Ne3 Nb6 37. Qe4 Rb8 38. Ng4 f5 39. Qe5 fxg4 40. Qf6 Be7 41. Qb2 0-1

[Event "Sochi Pearl Blitz op"]
[Site "Sochi"]
[Date "2023.10.12"]
[Round "12"]
[White "Lysenko, Margarita"]
[Black "Vastrukhin, Oleg"]
[Result "1-0"]
[WhiteElo "2264"]
[BlackElo "2343"]
[PlyCount "79"]
[EventDate "2023.10.12"]
[EventType "swiss (blitz)"]
[EventRounds "13"]
[EventCountry "RUS"]
[SourceTitle "Mega2024 Update 01"]
[Source "Chessbase"]
[SourceDate "2023.11.12"]
[SourceVersion "1"]
[SourceVersionDate "2023.11.12"]
[SourceQuality "1"]

1. d4 g6 2. c4 Bg7 3. Nf3 d6 4. g3 e5 5. Bg2 exd4 6. Nxd4 Ne7 7. 0-0 Nbc6 8. Nxc6 bxc6 9. Nc3 0-0 10. Qa4 Bd7 11. Bf4 c5 12. Qc2 Rb8 13. Bg5 Be6 14. b3 h6 15. Bxe7 Qxe7 16. Rad1 a5 17. Rfe1 Kh7 18. Nb5 f5 19. e3 h5 20. h4 g5 21. hxg5 Qxg5 22. Nxc7 Bf7 23. Rxd6 Rbd8 24. Rxd8 Rxd8 25. Nd5 h4 26. gxh4 Qg4 27. Qe2 Qxh4 28. Qf3 Kg6 29. Rd1 Be5 30. Kf1 Qg5 31. Qe2 Qh4 32. f4 Bg7 33. Qf2 Bf6 34. Qxh4 Bxh4 35. Bf3 Be8 36. Ke2 a4 37. Rg1+ Kf7 38. Bh5+ Kf8 39. Bxe8 Rxe8 40. Rh1 1-0

[Event "Ufa Penzina Memorial"]
[Site "Ufa"]
[Date "2023.08.11"]
[Round "6"]
[White "Voit, Daria"]
[Black "Lysenko, Margarita"]
[Result "1-0"]
[WhiteElo "2345"]
[BlackElo "2257"]
[PlyCount "93"]
[EventDate "2023.08.06"]
[EventType "swiss"]
[EventRounds "9"]
[EventCountry "RUS"]
[SourceTitle "CBM 215 Extra"]
[Source "ChessBase"]
[SourceDate "2023.09.30"]
[SourceVersion "1"]
[SourceVersionDate "2023.09.30"]
[SourceQuality "1"]

1. e4 c5 2. Nf3 d6 3. d4 cxd4 4. Nxd4 Nf6 5. Nc3 a6 6. Be3 Ng4 7. Bc1 Nf6 8. f3 e5 9. Nb3 Be6 10. Be3 h5 11. Nd5 Bxd5 12. exd5 Nbd7 13. Qd2 g6 14. 0-0-0 Ng8 15. g3 Bh6 16. f4 Ngf6 17. Be2 0-0 18. Kb1 Rc8 19. f5 Bxe3 20. Qxe3 Kg7 21. h3 Qb6 22. Qf3 g5 23. c4 a5 24. c5 Qb4 25. c6 bxc6 26. dxc6 Nc5 27. Nxc5 Qxc5 28. Rc1 e4 29. Qb3 Qxf5 30. c7 Nd5 31. Bxh5 Qe5 32. Qb7 Nb4 33. Be2 Qe6 34. Rc4 d5 35. Rc5 e3 36. Rhc1 Qf5+ 37. Ka1 Qf2 38. Qb5 Rfe8 39. a3 Re4 40. axb4 axb4 41. Rxd5 b3 42. Rxg5+ Kf8 43. Qxb3 Qxe2 44. Qa3+ Ke8 45. Rg8+ Kd7 46. Rxc8 Rc4 47. Rd8+ 1-0

[Event "Moscow (Women) op 19th"]
[Site "Moscow"]
[Date "2023.07.22"]
[Round "7"]
[White "Voit, Daria"]
[Black "Lysenko, Margarita"]
[Result "1/2-1/2"]
[WhiteElo "2355"]
[BlackElo "2249"]
[PlyCount "81"]
[EventDate "2023.07.17"]
[EventType "swiss"]
[EventRounds "9"]
[EventCountry "RUS"]
[SourceTitle "CBM 215 Extra"]
[Source "ChessBase"]
[SourceDate "2023.09.30"]
[SourceVersion "1"]
[SourceVersionDate "2023.09.30"]
[SourceQuality "1"]

1. Nf3 d5 2. d4 Nf6 3. c4 e6 4. g3 dxc4 5. Bg2 Bb4+ 6. Bd2 c5 7. Bxb4 cxb4 8. a3 b5 9. b3 cxb3 10. Qxb3 0-0 11. axb4 Bb7 12. Nc3 a5 13. bxa5 Rxa5 14. 0-0 Rxa1 15. Rxa1 Bxf3 16. Bxf3 Qxd4 17. Rb1 Nbd7 18. Nxb5 Qc5 19. Nc3 Ne5 20. Bg2 h5 21. h3 Rc8 22. Ne4 Nxe4 23. Bxe4 g6 24. Qb4 Qxb4 25. Rxb4 Rc4 26. Rxc4 Nxc4 27. Bd3 Nd6 28. f4 Kg7 29. e4 f6 30. e5 fxe5 31. fxe5 Nf7 32. Bc4 Nxe5 33. Bxe6 h4 34. gxh4 Nf3+ 35. Kf2 Nxh4 36. Kg3 Nf5+ 37. Bxf5 gxf5 38. Kf4 Kf6 39. h4 Kg6 40. h5+ Kxh5 41. Kxf5 1/2-1/2

[Event "Moscow (Women) op 19th"]
[Site "Moscow"]
[Date "2023.07.21"]
[Round "6"]
[White "Lysenko, Margarita"]
[Black "Badelka, Olga"]
[Result "1-0"]
[WhiteElo "2249"]
[BlackElo "2397"]
[PlyCount "131"]
[EventDate "2023.07.17"]
[EventType "swiss"]
[EventRounds "9"]
[EventCountry "RUS"]
[SourceTitle "CBM 215 Extra"]
[Source "ChessBase"]
[SourceDate "2023.09.30"]
[SourceVersion "1"]
[SourceVersionDate "2023.09.30"]
[SourceQuality "1"]

1. d4 d5 2. c4 e6 3. Nf3 Nf6 4. g3 dxc4 5. Bg2 a6 6. 0-0 Nc6 7. Qc2 Nxd4 8. Nxd4 Qxd4 9. Nd2 Nd5 10. Nxc4 Be7 11. Qa4+ Kf8 12. Rd1 b5 13. Rxd4 bxa4 14. Ne3 a3 15. Bxd5 exd5 16. Nxd5 Bd6 17. Nb6 Rb8 18. Nxc8 Rxc8 19. Ra4 Re8 20. Kf1 h5 21. h4 axb2 22. Bxb2 Rh6 23. Rxa6 Rhe6 24. e3 g6 25. Rc1 Ke7 26. Ba3 Bxa3 27. Rxa3 Rc8 28. Rac3 Kd7 29. a4 Ra6 30. Rc4 c5 31. Ke2 Rc7 32. e4 Rca7 33. Rxc5 Rxa4 34. Ke3 Ra2 35. R1c2 Rxc2 36. Rxc2 Ke7 37. Kf4 Ra4 38. Rc7+ Kf6 39. f3 Ra3 40. Rc6+ Ke7 41. Rc5 Ke6 42. g4 hxg4 43. Kxg4 Ra1 44. h5 gxh5+ 45. Rxh5 Ke7 46. Rb5 Ra7 47. Kf5 Rc7 48. Ra5 Rb7 49. f4 Rc7 50. e5 Rc6 51. Ra7+ Kf8 52. Rd7 Kg7 53. Rd6 Rc4 54. Kg5 Re4 55. Rd7 Kf8 56. Ra7 Ke8 57. f5 Rxe5 58. Kf6 Rb5 59. Ra8+ Kd7 60. Rf8 Ra5 61. Rxf7+ Ke8 62. Rb7 Rc5 63. Ra7 Rb5 64. Kg6 Rb8 65. f6 Kf8 66. Rh7 1-0

[Event "RUS-chT (Women)"]
[Site "Sochi"]
[Date "2023.05.10"]
[Round "9.2"]
[White "Yakimova, Mariya"]
[Black "Lysenko, Margarita"]
[Result "1/2-1/2"]
[WhiteElo "2245"]
[BlackElo "2244"]
[PlyCount "170"]
[EventDate "2023.05.01"]
[EventType "team-swiss"]
[EventRounds "9"]
[EventCountry "RUS"]
[SourceTitle "CBM 214 Extra"]
[Source "ChessBase"]
[SourceDate "2023.07.31"]
[SourceVersion "1"]
[SourceVersionDate "2023.07.31"]
[SourceQuality "1"]
[WhiteTeam "Tatarstan Ladya (W)"]
[BlackTeam "Moscow Region (W) II"]
[WhiteTeamCountry "RUS"]
[BlackTeamCountry "RUS"]

1. d4 Nf6 2. c4 e6 3. g3 Bb4+ 4. Nd2 c5 5. a3 Bxd2+ 6. Qxd2 cxd4 7. Nf3 0-0 8. Bg2 Qc7 9. Qxd4 Nc6 10. Qd3 e5 11. Nd2 d6 12. 0-0 Be6 13. Ne4 Nxe4 14. Bxe4 f5 15. Bd5 Bxd5 16. Qxd5+ Kh8 17. Rd1 Nd4 18. e3 Nb3 19. Rb1 Rac8 20. Bd2 Nxd2 21. Rxd2 Rf6 22. Rbd1 h6 23. b3 f4 24. exf4 exf4 25. Re1 fxg3 26. hxg3 Rcf8 27. Re6 Rxe6 28. Qxe6 Rf6 29. Qe8+ Kh7 30. Qe4+ Kg8 31. b4 Qc6 32. Rd5 Qb6 33. Qe2 Qc7 34. Qe8+ Kh7 35. Qe4+ Kg8 36. Kg2 b6 37. Rd2 Qf7 38. Re2 Qc7 39. Qd5+ Qf7 40. Re8+ Kh7 41. Qe4+ Qg6 42. Qxg6+ Kxg6 43. Ra8 Rf7 44. Rd8 Rc7 45. Rxd6+ Kf5 46. Rd5+ Ke6 47. Rd4 Ke5 48. Rg4 g5 49. Kf3 Rf7+ 50. Ke3 a5 51. Re4+ Kd6 52. Rd4+ Kc6 53. bxa5 bxa5 54. Rd5 Re7+ 55. Kd4 Rf7 56. Rxa5 Rxf2 57. Ra6+ Kb7 58. Rxh6 Rd2+ 59. Kc5 Rg2 60. g4 Rxg4 61. Kb5 Rg3 62. Rh7+ Kb8 63. a4 Rb3+ 64. Kc5 g4 65. Rg7 g3 66. a5 Rf3 67. Kb4 Re3 68. c5 Re1 69. Rxg3 Kb7 70. Rg7+ Kc6 71. Rg6+ Kc7 72. Kb5 Rb1+ 73. Ka6 Rc1 74. Rg5 Rb1 75. Rg7+ Kc6 76. Ka7 Kxc5 77. Rg6 Rh1 78. Rb6 Rh7+ 79. Rb7 Rh1 80. a6 Kc6 81. Ka8 Ra1 82. a7 Rh1 83. Rb8 Kc7 84. Rg8 Rc1 85. Rg7+ Kc8 1/2-1/2